Statistics for Top 15 Most Deadly Animals

Click here to take the quiz!

General Stats

  • This quiz has been taken 129 times
  • The average score is 7 of 15

Answer Stats

HintAnswer% Correct
15 (6)Sharks
88%
3 (100,000)Snakes
85%
13 (22)Lions
84%
T-11 (500)Hippopotamuses
72%
9 (1,000)Crocodiles
65%
4 (35,000)Dogs
58%
T-11 (500)Elephants
58%
7 (10,000)Tsetse Flies
35%
14 (10)Wolves
34%
2 (437,000)Humans
31%
1 (750,000)Mosquitoes
25%
5 (20,000)Freshwater Snails
16%
6 (12,000)Assassin Bugs
5%
8 (4,500)Ascaris Roundworms
3%
10 (700)Tapeworms
3%

Score Distribution

Percentile by Number Answered

Percent of People with Each Score

Your Score History

You have not taken this quiz